[Event "Junior Online 4NCL Division 4"]
[Site "online"]
[Date "2021.03.04"]
[EventDate "2021.03.04"]
[Round "4.84"]
[White "Agasee, Emilio"]
[WhiteElo "933"]
[WhiteTeam "Coldfall Bishops"]
[Black "Rahamim, Liad"]
[BlackElo "1179"]
[BlackTeam "Edgware Gambits F"]
[Result "1-0"]
[PlyCount "99"]

1. e4 e5 2. Nf3 Nc6 3. Bc4 h6 4. Nc3 Bc5 5. O-O Nge7 6. d3 d6 7. h3 O-O 8. Be3 Bxe3 9. fxe3 a6 10. Nd5 b5 11. Nxe7+ Qxe7 12. Bd5 Bb7 13. d4 Rab8 14. dxe5 dxe5 15. Qe2 Na5 16. Bxb7 Nxb7 17. c4 Nd6 18. b3 Nxe4 19. Qb2 f6 20. Qc2 Nc5 21. Nh4 f5 22. Ng6 Qg5 23. Nxf8 Rxf8 24. Rad1 Qxe3+ 25. Qf2 Qxf2+ 26. Rxf2 Ne4 27. Rff1 Nc3 28. Rd2 Ne4 29. Rd5 c6 30. Rxe5 g6 31. g4 Ng3 32. Rf3 Ne2+ 33. Rxe2 h5 34. gxf5 g5 35. Rg2 Kg7 36. Rxg5+ Kf6 37. Rxh5 Ke5 38. f6+ Ke4 39. Rff5 Kd3 40. f7 bxc4 41. bxc4 Kxc4 42. Rh8 Kb4 43. Rxf8 c5 44. Rc8 c4 45. f8=Q+ Kc3 46. Qa3+ Kd2 47. Rd5+ Kc2 48. Rxc4+ Kb1 49. Qb3+ Ka1 50. Rc1# 1-0

[Event "Junior Online 4NCL Division 4"]
[Site "online"]
[Date "2021.03.04"]
[EventDate "2021.03.04"]
[Round "4.85"]
[White "Spitz, Danny"]
[WhiteElo "1107"]
[WhiteTeam "Coldfall Bishops"]
[Black "Popat, Imara"]
[BlackElo "1137"]
[BlackTeam "Edgware Gambits F"]
[Result "1-0"]
[PlyCount "111"]

1. e4 e5 2. f4 Nc6 3. Bb5 exf4 4. Bxc6 dxc6 5. d4 c5 6. Bxf4 cxd4 7. c3 Qh4+ 8. Bg3 Qxe4+ 9. Qe2 Qxe2+ 10. Nxe2 dxc3 11. Nbxc3 Bc5 12. Bxc7 Nf6 13. O-O-O O-O 14. h4 Ng4 15. Ne4 Bf5 16. Nxc5 Nf2 17. Nxb7 Nxd1 18. Rxd1 Rac8 19. Na5 Rxc7+ 20. Kd2 Rd8+ 21. Ke1 Rxd1+ 22. Kxd1 Bg4 23. Kd2 f5 24. Nf4 Rd7+ 25. Ke3 g6 26. Nc6 Rb7 27. b3 Kg7 28. Nd8 Re7+ 29. Kf2 h6 30. Nde6+ Kf6 31. Nd4 g5 32. Nd5+ Kf7 33. Nxe7 Kxe7 34. hxg5 hxg5 35. Nc6+ Kd6 36. Nxa7 Ke5 37. Nc6+ Ke4 38. a4 f4 39. a5 Bd7 40. Nb8 Be6 41. a6 Bd5 42. Nd7 g4 43. Nf6+ Ke5 44. Nxd5 Kxd5 45. a7 g3+ 46. Kf3 Ke5 47. a8=Q Kf5 48. Qe4+ Kg5 49. Qxf4+ Kg6 50. Qxg3+ Kf6 51. Kf4 Kf7 52. Kf5 Ke7 53. Qe5+ Kf7 54. Qc7+ Ke8 55. Kf6 Kf8 56. Qf7# 1-0

[Event "Junior Online 4NCL Division 4"]
[Site "online"]
[Date "2021.03.04"]
[EventDate "2021.03.04"]
[Round "4.86"]
[White "Patel, Amya Hetal"]
[WhiteElo "1167"]
[WhiteTeam "Edgware Gambits F"]
[Black "Haga, Xander"]
[BlackElo "1063"]
[BlackTeam "Coldfall Bishops"]
[Result "0-1"]
[PlyCount "42"]

1. e4 e5 2. Nc3 Nc6 3. Nf3 Nf6 4. Bb5 d6 5. d3 Bd7 6. O-O Be7 7. Bg5 O-O 8. Re1 a6 9. Qe2 axb5 10. Bxf6 Bxf6 11. Nxb5 Ra5 12. Nc3 Bg4 13. h3 Bh5 14. a3 Nd4 15. Qd1 Nxf3+ 16. gxf3 Bh4 17. Kh1 Qf6 18. Re3 Bxf2 19. Re2 Qxf3+ 20. Kh2 Qg3+ 21. Kh1 Bf3# 0-1

[Event "Junior Online 4NCL Division 4"]
[Site "online"]
[Date "2021.03.04"]
[EventDate "2021.03.04"]
[Round "4.87"]
[White "Haga, Viktor"]
[WhiteElo "1056"]
[WhiteTeam "Coldfall Bishops"]
[Black "Patel, Rohan"]
[BlackElo "1140"]
[BlackTeam "Edgware Gambits F"]
[Result "1-0"]
[PlyCount "59"]

1. c4 e5 2. Nc3 Nf6 3. d4 e4 4. f3 exf3 5. Nxf3 c5 6. d5 d6 7. Bg5 Be7 8. Qa4+ Bd7 9. Qb3 b6 10. O-O-O Ng4 11. Bxe7 Qxe7 12. Re1 Nf2 13. Rg1 Qe3+ 14. Kb1 Bf5+ 15. Ka1 O-O 16. Nh4 Nd3 17. Qd1 Nxe1 18. Qxe1 Qxg1 19. Nxf5 Qxh2 20. Nd1 Re8 21. Qc3 f6 22. Qf3 Qe5 23. Qg4 g5 24. Nh6+ Kg7 25. Nf5+ Kg6 26. Nh4+ Kf7 27. Qh5+ Kg7 28. Nf5+ Kg8 29. Nh6+ Kf8 30. Qf7# 1-0

[Event "Junior Online 4NCL Division 4"]
[Site "online"]
[Date "2021.03.04"]
[EventDate "2021.03.04"]
[Round "4.88"]
[White "Rahamim, Liad"]
[WhiteElo "1179"]
[WhiteTeam "Edgware Gambits F"]
[Black "Agasee, Emilio"]
[BlackElo "933"]
[BlackTeam "Coldfall Bishops"]
[Result "0-1"]
[PlyCount "144"]

1. g3 d5 2. d4 g6 3. Nf3 Bg7 4. Bg2 Nf6 5. O-O Nc6 6. Nc3 O-O 7. Be3 Be6 8. a4 Qd7 9. b3 Bh3 10. Bxh3 Qxh3 11. Ng5 Qd7 12. Qd2 e5 13. dxe5 Nxe5 14. f4 Neg4 15. Bc5 Rfe8 16. h3 b6 17. Bd4 c5 18. Be5 Nxe5 19. fxe5 Rxe5 20. h4 d4 21. Nd1 Rae8 22. Re1 Qe7 23. Kf1 Rf5+ 24. Nf2 Qe3 25. Qxe3 dxe3 26. Nf3 exf2 27. Kxf2 Ng4+ 28. Kg2 Ne3+ 29. Kf2 Bxa1 30. g4 Nxc2 31. gxf5 Nxe1 32. Kxe1 Bc3+ 33. Kf2 gxf5 34. Kg3 Rxe2 35. Kf4 Rf2 36. Ke3 Bd4+ 37. Nxd4 Rb2 38. Nxf5 Rxb3+ 39. Kf4 Rb4+ 40. Ke5 c4 41. Kd4 Rxa4 42. Kc3 b5 43. Nd4 Ra3+ 44. Kb4 Ra1 45. Nc2 Ra2 46. Nd4 a5+ 47. Kxb5 a4 48. Kb4 a3 49. Kxc4 Ra1 50. Nc2 Rc1 51. Kb3 a2 52. Kxa2 Rxc2+ 53. Kb3 Rh2 54. Kc4 Rxh4+ 55. Kd5 Rg4 56. Kd6 h5 57. Ke7 h4 58. Kf6 h3 59. Kf5 h2 60. Kxg4 h1=Q 61. Kg5 Qg2+ 62. Kf6 Qg6+ 63. Ke7 f5 64. Kd8 f4 65. Ke7 f3 66. Kd7 f2 67. Ke7 f1=Q 68. Kd7 Qd1+ 69. Ke7 Qe4+ 70. Kf6 Qf1+ 71. Kg5 Qeg2+ 72. Kh6 Qfh1# 0-1

[Event "Junior Online 4NCL Division 4"]
[Site "online"]
[Date "2021.03.04"]
[EventDate "2021.03.04"]
[Round "4.91"]
[White "Man, Felix"]
[WhiteElo "1063"]
[WhiteTeam "Muswell Hill Primary"]
[Black "Gold, Arthur"]
[BlackElo "1176"]
[BlackTeam "Barnet Knights E"]
[Result "1/2-1/2"]
[PlyCount "101"]

1. e4 e5 2. Nf3 Nc6 3. Bc4 Bc5 4. Nc3 Nf6 5. d3 h6 6. O-O d6 7. h3 O-O 8. Be3 Bb6 9. Re1 Be6 10. Bb3 Nd4 11. Bxd4 exd4 12. Ne2 c5 13. c3 dxc3 14. Nxc3 Rc8 15. Rf1 c4 16. dxc4 Bxc4 17. Bxc4 Rxc4 18. Re1 Qc7 19. Rc1 Qc5 20. Rf1 Rd8 21. Na4 Rxc1 22. Qxc1 Qxc1 23. Rxc1 Nxe4 24. Nxb6 axb6 25. Rc4 Nc5 26. Rb4 Nd3 27. Rxb6 Nc1 28. a3 Rd7 29. Nd4 Nd3 30. Nf5 Kf8 31. Rxd6 Rxd6 32. Nxd6 Nxb2 33. Nxb7 Nc4 34. a4 Nb6 35. a5 Nc4 36. a6 Nb6 37. a7 Ke7 38. Kh2 Kd7 39. Kg3 Kc7 40. Nc5 Na8 41. f4 Kb6 42. Ne4 Kxa7 43. Kg4 g6 44. f5 Nc7 45. fxg6 fxg6 46. h4 Ne6 47. h5 gxh5+ 48. Kxh5 Nf4+ 49. Kxh6 Nxg2 50. Ng5 Ne3 51. Kg6 1/2-1/2

[Event "Junior Online 4NCL Division 4"]
[Site "online"]
[Date "2021.03.04"]
[EventDate "2021.03.04"]
[Round "4.92"]
[White "Malus, Sean"]
[WhiteElo "1228"]
[WhiteTeam "Barnet Knights E"]
[Black "Michener, Max"]
[BlackElo "1000"]
[BlackTeam "Muswell Hill Primary"]
[Result "0-1"]
[PlyCount "48"]

1. e4 e5 2. Nf3 Nc6 3. Bc4 Nd4 4. Nxd4 exd4 5. c3 dxc3 6. bxc3 Qh4 7. d3 Bc5 8. d4 Qxe4+ 9. Kf1 Bb6 10. Nd2 Qg6 11. Qe1+ Ne7 12. Ba3 d6 13. Bb5+ Kf8 14. Ne4 Bf5 15. Nxd6 cxd6 16. Qe2 a6 17. Re1 Re8 18. Bxe8 Bd3 19. Qxd3 Qxd3+ 20. Re2 Nd5 21. Bxd6+ Kg8 22. Ke1 Qb1+ 23. Kd2 Qb2+ 24. Ke1 Qc1# 0-1

[Event "Junior Online 4NCL Division 4"]
[Site "online"]
[Date "2021.03.04"]
[EventDate "2021.03.04"]
[Round "4.93"]
[White "Bagshaw, Freddie"]
[WhiteElo "1035"]
[WhiteTeam "Muswell Hill Primary"]
[Black "Perl, Joseph"]
[BlackElo "1164"]
[BlackTeam "Barnet Knights E"]
[Result "1-0"]
[PlyCount "35"]

1. e4 e6 2. Nf3 d5 3. exd5 exd5 4. Nc3 c5 5. Be2 Qe7 6. O-O d4 7. Nd5 Qd6 8. Bc4 Be6 9. Bb5+ Bd7 10. Bxd7+ Qxd7 11. c4 Nc6 12. d3 O-O-O 13. Bf4 Bd6 14. Bxd6 Qxd6 15. Ng5 Qg6 16. Qg4+ f5 17. Qf4 h6 18. Qc7# 1-0

[Event "Junior Online 4NCL Division 4"]
[Site "online"]
[Date "2021.03.04"]
[EventDate "2021.03.04"]
[Round "4.94"]
[White "Gardner, Zac"]
[WhiteElo "1139"]
[WhiteTeam "Barnet Knights E"]
[Black "Gibbins, Finlay"]
[BlackElo "997"]
[BlackTeam "Muswell Hill Primary"]
[Result "1-0"]
[PlyCount "29"]

1. e4 e5 2. Nf3 Nc6 3. Bc4 Nd4 4. d3 Bb4+ 5. Nc3 Bd6 6. Bg5 Be7 7. Bxe7 Qxe7 8. Nd5 Qc5 9. c3 Nc6 10. Nd2 Nh6 11. Nxc7+ Kf8 12. Nxa8 d5 13. Bxd5 Ne7 14. Qf3 Ng4 15. Qxf7# 1-0

[Event "Junior Online 4NCL Division 4"]
[Site "online"]
[Date "2021.03.04"]
[EventDate "2021.03.04"]
[Round "4.95"]
[White "Gold, Arthur"]
[WhiteElo "1176"]
[WhiteTeam "Barnet Knights E"]
[Black "Man, Felix"]
[BlackElo "1063"]
[BlackTeam "Muswell Hill Primary"]
[Result "1-0"]
[PlyCount "171"]

1. c4 e5 2. Nc3 Nc6 3. Nf3 Bc5 4. e3 Nf6 5. d4 exd4 6. exd4 Bb6 7. Be2 Ba5 8. Bd2 O-O 9. O-O Re8 10. a3 Bxc3 11. Bxc3 d6 12. d5 Ne5 13. Nxe5 dxe5 14. Qe1 c6 15. dxc6 bxc6 16. Rd1 Qc7 17. Bf3 Bb7 18. Be4 Nxe4 19. Qxe4 c5 20. Qg4 Qc8 21. Qg3 Qe6 22. f4 Qg6 23. Qxg6 fxg6 24. Bxe5 Rac8 25. Rd7 Bc6 26. Rxg7+ Kf8 27. Rxh7 a5 28. Rh8+ Ke7 29. Rh7+ Ke6 30. Rd1 Kf5 31. Rf7+ Ke6 32. Rf6+ Ke7 33. Rdd6 Be4 34. Rde6+ Kd7 35. Rxe8 Rxe8 36. Rd6+ Ke7 37. Ra6 Bd3 38. Ra7+ Kd8 39. Bf6+ Kc8 40. Ra8+ Kd7 41. Rxe8 Kxe8 42. b3 Bc2 43. Bc3 Bxb3 44. Bxa5 Bxc4 45. Bb6 Kd7 46. Bxc5 Kc6 47. Bd4 Kd5 48. Bf6 Ke4 49. Bg5 Kf5 50. h3 Ke6 51. Kf2 Kf5 52. Ke3 Ke6 53. Kd4 Bd5 54. g4 Bg2 55. h4 Bf3 56. f5+ gxf5 57. gxf5+ Kxf5 58. Kc5 Bb7 59. a4 Kg6 60. a5 Ba6 61. Kb6 Be2 62. a6 Bf3 63. a7 Kh5 64. Kc7 Kg6 65. Kb8 Kh5 66. a8=Q Bxa8 67. Kxa8 Kg6 68. Kb7 Kh5 69. Kc6 Kg6 70. Kd5 Kh5 71. Ke4 Kg6 72. Kf3 Kh5 73. Kf4 Kg6 74. Kg4 Kh7 75. h5 Kg7 76. Kf5 Kh7 77. Kf6 Kh8 78. Bh6 Kh7 79. Bg7 Kg8 80. h6 Kh7 81. Kg5 Kg8 82. Kf6 Kh7 83. Bf8 Kg8 84. Kg6 Kh8 85. Bg7+ Kg8 86. h7# 1-0

[Event "Junior Online 4NCL Division 4"]
[Site "online"]
[Date "2021.03.04"]
[EventDate "2021.03.04"]
[Round "4.96"]
[White "Michener, Max"]
[WhiteElo "1000"]
[WhiteTeam "Muswell Hill Primary"]
[Black "Malus, Sean"]
[BlackElo "1228"]
[BlackTeam "Barnet Knights E"]
[Result "1-0"]
[PlyCount "45"]

1. e4 e5 2. Nc3 Nf6 3. f4 exf4 4. e5 Nd5 5. Nxd5 c6 6. Nxf4 Qe7 7. Nf3 d6 8. d4 d5 9. c4 f6 10. cxd5 cxd5 11. Nxd5 Qe6 12. Nc7+ Kd8 13. Nxe6+ Ke8 14. Nc7+ Kd8 15. Nxa8 Bb4+ 16. Bd2 Bd6 17. Qc2 Nc6 18. exd6 Re8+ 19. Kd1 Bg4 20. Ba5+ Kd7 21. d5 b6 22. Qxc6+ Kd8 23. Qc7# 1-0

[Event "Junior Online 4NCL Division 4"]
[Site "online"]
[Date "2021.03.04"]
[EventDate "2021.03.04"]
[Round "4.97"]
[White "Perl, Joseph"]
[WhiteElo "1164"]
[WhiteTeam "Barnet Knights E"]
[Black "Bagshaw, Freddie"]
[BlackElo "1035"]
[BlackTeam "Muswell Hill Primary"]
[Result "0-1"]
[PlyCount "50"]

1. Nf3 Nf6 2. g3 g6 3. Bg2 Bg7 4. O-O O-O 5. Nc3 Nc6 6. e4 e5 7. d4 exd4 8. Nxd4 Nb4 9. a3 Nc6 10. Nxc6 bxc6 11. Bg5 Qe7 12. f4 Qc5+ 13. Kh1 d6 14. Re1 Ng4 15. Re2 Ne3 16. Qd3 Ng4 17. Qf3 Re8 18. Rae1 Rb8 19. Na4 Qb5 20. b3 c5 21. f5 Ne5 22. Qf4 c4 23. Re3 cxb3 24. cxb3 Nd3 25. Rb1 Nxf4 0-1

[Event "Junior Online 4NCL Division 4"]
[Site "online"]
[Date "2021.03.04"]
[EventDate "2021.03.04"]
[Round "4.98"]
[White "Gibbins, Finlay"]
[WhiteElo "997"]
[WhiteTeam "Muswell Hill Primary"]
[Black "Gardner, Zac"]
[BlackElo "1139"]
[BlackTeam "Barnet Knights E"]
[Result "0-1"]
[PlyCount "90"]

1. e4 e5 2. Nc3 Nc6 3. Nf3 Nf6 4. Bc4 Nxe4 5. Nxe4 d5 6. Bd3 dxe4 7. Bxe4 Bc5 8. d3 O-O 9. Bg5 Be7 10. Bd2 h6 11. Bc3 Bg4 12. Bd2 Bxf3 13. Qxf3 Bb4 14. Qf5 Bxd2+ 15. Kxd2 Qg5+ 16. Ke1 Qxf5 17. Bxf5 Rad8 18. Rd1 Nd4 19. Bg4 Nxc2+ 20. Ke2 Nd4+ 21. Ke1 Nc6 22. Bf3 Nb4 23. Be4 Nxa2 24. Bxb7 Nb4 25. Be4 Rd6 26. f3 Rfd8 27. Ra1 Nxd3+ 28. Ke2 Nxb2 29. Ra2 Rd2+ 30. Kf1 Rd1+ 31. Ke2 Rxh1 32. Rxa7 c5 33. Rc7 c4 34. Ke3 Rc1 35. Bd5 Rxd5 36. Rc8+ Kh7 37. Rf8 c3 38. Ke4 Rdd1 39. Rxf7 Rb1 40. Rc7 Na4 41. Kxe5 Rb2 42. Kf5 c2 43. Ke6 c1=Q 44. Kf7 Qxc7+ 45. Kf8 Rd8# 0-1

[Event "Junior Online 4NCL Division 4"]
[Site "online"]
[Date "2021.03.04"]
[EventDate "2021.03.04"]
[Round "4.101"]
[White "Bommi, Praneeth"]
[WhiteElo "1334"]
[WhiteTeam "Uxbridge Juniors Chargers"]
[Black "Jowell, Leo"]
[BlackElo "1239"]
[BlackTeam "Edgware Gambits E"]
[Result "0-1"]
[PlyCount "100"]

1. e3 c5 2. b3 g6 3. Bb2 Nf6 4. Qf3 Bg7 5. Na3 O-O 6. Qf4 Nh5 7. Qa4 Bxb2 8. Rb1 Bg7 9. Be2 Nf6 10. Bf3 d6 11. Qb5 a6 12. Qe2 Nc6 13. Nh3 Bf5 14. Nf4 Rb8 15. Nd5 Nxd5 16. Bxd5 Nb4 17. Bf3 Bxc2 18. Nxc2 Nxc2+ 19. Kf1 Qd7 20. Rc1 Nb4 21. a4 Qf5 22. Bg4 Qd5 23. Qc4 Qxd2 24. Rd1 Qb2 25. g3 Bh6 26. Kg2 Nc2 27. Rb1 Nxe3+ 28. Kf3 Qf6+ 29. Ke2 Nxc4 30. bxc4 Qc3 31. f4 Qxc4+ 32. Kf2 Qd4+ 33. Kg2 Qxa4 34. Bf3 e5 35. Ra1 Qc2+ 36. Kh3 exf4 37. Rhc1 Qf2 38. Rf1 Qe3 39. Rae1 Qd3 40. Rd1 Qf5+ 41. g4 Qc2 42. Rc1 Qa4 43. Ra1 Qd7 44. Rad1 Rfe8 45. Bd5 Re3+ 46. Bf3 Qa4 47. Kh4 Rxf3 48. Ra1 Qe4 49. Rfe1 Qd3 50. Rad1 Rh3# 0-1

[Event "Junior Online 4NCL Division 4"]
[Site "online"]
[Date "2021.03.04"]
[EventDate "2021.03.04"]
[Round "4.102"]
[White "Durling, Charlie"]
[WhiteElo "1235"]
[WhiteTeam "Edgware Gambits E"]
[Black "Aurangabadkar, Anish R"]
[BlackElo "1055"]
[BlackTeam "Uxbridge Juniors Chargers"]
[Result "0-1"]
[PlyCount "44"]

1. d4 d5 2. c4 dxc4 3. e4 e6 4. Bxc4 Bb4+ 5. Bd2 Bxd2+ 6. Qxd2 Nf6 7. Nc3 c6 8. Nf3 O-O 9. O-O b5 10. Bb3 b4 11. Na4 Nxe4 12. Qxb4 Nf6 13. Nc3 h6 14. Rad1 Na6 15. Qc4 Bb7 16. Ne5 Qd6 17. Ba4 Nb4 18. a3 Na6 19. Bxc6 Bxc6 20. Qxa6 Rfc8 21. Nb5 Qd5 22. Nc3 Qxg2# 0-1

[Event "Junior Online 4NCL Division 4"]
[Site "online"]
[Date "2021.03.04"]
[EventDate "2021.03.04"]
[Round "4.103"]
[White "Karthisamy, Prathik"]
[WhiteElo "850"]
[WhiteTeam "Uxbridge Juniors Chargers"]
[Black "Lyons, Joseph"]
[BlackElo "1206"]
[BlackTeam "Edgware Gambits E"]
[Result "0-1"]
[PlyCount "68"]

1. e4 e5 2. Nf3 Nc6 3. Nc3 Nf6 4. Be2 Bb4 5. d3 h6 6. O-O O-O 7. Bd2 d6 8. a3 Ba5 9. Rb1 Be6 10. Nb5 Bxd2 11. Qxd2 a6 12. Nc3 d5 13. exd5 Nxd5 14. Nxd5 Bxd5 15. Qc3 Qf6 16. Qc5 Rad8 17. Qc3 Qg6 18. Qd2 e4 19. Nh4 Qf6 20. g3 Nd4 21. Ng2 Be6 22. Rfe1 Bh3 23. c3 Nf3+ 24. Bxf3 Qxf3 25. Nh4 Qxd3 26. Qf4 Qd2 27. Qxe4 Rfe8 28. Qxe8+ Rxe8 29. Rxe8+ Kh7 30. Re7 Qd5 31. Rxc7 g5 32. f3 gxh4 33. gxh4 Qxf3 34. Rxf7+ Qxf7 0-1

[Event "Junior Online 4NCL Division 4"]
[Site "online"]
[Date "2021.03.04"]
[EventDate "2021.03.04"]
[Round "4.104"]
[White "Sharma, Krish"]
[WhiteElo "1167"]
[WhiteTeam "Edgware Gambits E"]
[Black "Watson, Lewis"]
[BlackElo "741"]
[BlackTeam "Uxbridge Juniors Chargers"]
[Result "1-0"]
[PlyCount "143"]

1. d4 Nf6 2. Bf4 d5 3. e3 e6 4. Bd3 Bb4+ 5. c3 Ba5 6. Qa4+ Bd7 7. Qxa5 Nc6 8. Qa3 Qe7 9. Qxe7+ Kxe7 10. Bxc7 b6 11. Nf3 Rac8 12. Bg3 Ne4 13. Nbd2 Nxg3 14. hxg3 a5 15. O-O-O Rb8 16. Bxh7 b5 17. a3 b4 18. cxb4 axb4 19. axb4 Nxb4 20. Kb1 Ra8 21. Bc2 Rxh1 22. Rxh1 Ba4 23. Bxa4 Rxa4 24. Rh7 Kf8 25. Rh8+ Ke7 26. b3 Ra2 27. Kc1 Ra1+ 28. Kb2 Rf1 29. Nxf1 Nd3+ 30. Kc2 Nxf2 31. b4 Ne4 32. Rc8 f5 33. b5 g5 34. b6 g4 35. Ne5 Nd6 36. Rc7+ Kd8 37. Rc6 Nb7 38. Rxe6 Na5 39. Rd6+ Ke7 40. Rxd5 Nb7 41. Nc6+ Ke6 42. Rb5 Kd6 43. Nd8 Nxd8 44. b7 Nxb7 45. Rxb7 Kd5 46. Kd3 Ke6 47. Rg7 Kd5 48. Rxg4 fxg4 49. e4+ Ke6 50. Nh2 Kf6 51. Nxg4+ Kg5 52. Ne5 Kf6 53. d5 Kxe5 54. Kc4 Kxe4 55. Kc5 Ke5 56. Kc6 Kf6 57. d6 Ke6 58. Kc7 Kf7 59. d7 Ke7 60. d8=Q+ Ke6 61. Qf8 Ke5 62. g4 Ke6 63. g5 Ke5 64. g6 Ke6 65. g7 Ke5 66. g8=Q Ke4 67. Qe6+ Kd4 68. Qfd6+ Kc3 69. Qe1+ Kc4 70. Qc1+ Kb3 71. Qb6+ Ka2 72. Qcb2# 1-0

[Event "Junior Online 4NCL Division 4"]
[Site "online"]
[Date "2021.03.04"]
[EventDate "2021.03.04"]
[Round "4.105"]
[White "Jowell, Leo"]
[WhiteElo "1239"]
[WhiteTeam "Edgware Gambits E"]
[Black "Bommi, Praneeth"]
[BlackElo "1334"]
[BlackTeam "Uxbridge Juniors Chargers"]
[Result "0-1"]
[PlyCount "42"]

1. d4 e6 2. c4 b6 3. Nc3 Bb7 4. e4 Nf6 5. Bd3 Bb4 6. Ne2 Nxe4 7. O-O Nxc3 8. bxc3 Bd6 9. Bf4 Bxf4 10. Nxf4 Qg5 11. g3 Nc6 12. Qc2 O-O-O 13. Bxh7 g6 14. Nxg6 fxg6 15. Bxg6 Qh6 16. h4 e5 17. d5 Ne7 18. Be4 d6 19. Rab1 Rdg8 20. Bf5+ Kb8 21. Be6 Qxh4 0-1

[Event "Junior Online 4NCL Division 4"]
[Site "online"]
[Date "2021.03.04"]
[EventDate "2021.03.04"]
[Round "4.106"]
[White "Aurangabadkar, Anish R"]
[WhiteElo "1055"]
[WhiteTeam "Uxbridge Juniors Chargers"]
[Black "Durling, Charlie"]
[BlackElo "1235"]
[BlackTeam "Edgware Gambits E"]
[Result "0-1"]
[PlyCount "120"]

1. e4 e6 2. Bc4 d5 3. exd5 exd5 4. Bd3 Nc6 5. Qe2+ Be6 6. Bf5 Qd7 7. Bxe6 fxe6 8. Qh5+ Qf7 9. Qxf7+ Kxf7 10. Nf3 Nf6 11. O-O h6 12. h3 Bd6 13. d3 Rhf8 14. Nc3 Kg8 15. Be3 e5 16. Nb5 d4 17. Bd2 a6 18. Nxd6 cxd6 19. a3 Nd5 20. c3 dxc3 21. bxc3 b5 22. c4 bxc4 23. dxc4 Nb6 24. Be3 Nxc4 25. Rac1 Nxe3 26. fxe3 Na5 27. Rfd1 Nb3 28. Rc3 Nc5 29. Rxd6 Ne4 30. Rcc6 Nxd6 31. Rxd6 e4 32. Nd2 Rfe8 33. Rd4 Rad8 34. Rxd8 Rxd8 35. Nxe4 Re8 36. Nc5 a5 37. Kf2 Rc8 38. Nb7 a4 39. Ke2 Rc3 40. Kd2 Rb3 41. Nc5 Rxa3 42. Kc2 Rxe3 43. Nxa4 Re2+ 44. Kd3 Rxg2 45. Nc5 Rg3+ 46. Ke4 Rxh3 47. Nd7 Rh4+ 48. Ke5 Rh5+ 49. Ke6 Rh4 50. Ke7 Re4+ 51. Kd8 Rd4 52. Ke8 g5 53. Nf6+ Kg7 54. Ke7 Kg6 55. Ke6 Rb4 56. Ke5 Rb5+ 57. Nd5 g4 58. Ke4 Kg5 59. Nf4 Rb4+ 60. Ke3 Rxf4 0-1

[Event "Junior Online 4NCL Division 4"]
[Site "online"]
[Date "2021.03.04"]
[EventDate "2021.03.04"]
[Round "4.107"]
[White "Lyons, Joseph"]
[WhiteElo "1206"]
[WhiteTeam "Edgware Gambits E"]
[Black "Karthisamy, Prathik"]
[BlackElo "850"]
[BlackTeam "Uxbridge Juniors Chargers"]
[Result "0-1"]
[PlyCount "86"]

1. e4 e5 2. Nf3 Nc6 3. Bb5 Nf6 4. d3 d6 5. O-O Bd7 6. Bg5 Be7 7. Nc3 O-O 8. Nd5 Bg4 9. Bxc6 bxc6 10. Nxf6+ Bxf6 11. Be3 g6 12. Bh6 Bg7 13. Be3 Qf6 14. Bg5 Bxf3 15. Bxf6 Bxd1 16. Bxg7 Kxg7 17. Raxd1 Rab8 18. b3 c5 19. c3 Rb7 20. d4 cxd4 21. cxd4 exd4 22. Rxd4 Re8 23. f3 Rb6 24. b4 Re7 25. g4 Ra6 26. h4 Rxa2 27. f4 Re2 28. e5 dxe5 29. fxe5 R2xe5 30. Rdf4 Re4 31. Rxe4 Rxe4 32. Rb1 Rxg4+ 33. Kf2 Rxh4 34. Kg3 Rc4 35. b5 h5 36. Kh3 c6 37. b6 axb6 38. Rxb6 c5 39. Rc6 Rc3+ 40. Kh4 c4 41. Rc5 Rc1 42. Rc7 c3 43. Rc6 c2 0-1

[Event "Junior Online 4NCL Division 4"]
[Site "online"]
[Date "2021.03.04"]
[EventDate "2021.03.04"]
[Round "4.111"]
[White "Nallaperumal, Kasi Veshagan"]
[WhiteElo "1390"]
[WhiteTeam "Maidenhead Juniors 2"]
[Black "Minhas, Salar"]
[BlackElo "924"]
[BlackTeam "Coldfall Knights"]
[Result "1-0"]
[PlyCount "95"]

1. d4 e5 2. Nf3 exd4 3. Nxd4 Bc5 4. Nc3 Qf6 5. Nf3 Nc6 6. Ne4 Qe7 7. Nxc5 Qxc5 8. Bf4 d6 9. e3 Bf5 10. Nd4 Nxd4 11. exd4 Qxc2 12. Qxc2 Bxc2 13. Rc1 Bf5 14. Rxc7 Be6 15. b3 b6 16. Bxd6 Nf6 17. Bb5+ Kd8 18. O-O Nd5 19. Rcc1 a6 20. Bc6 Rc8 21. Bb7 Rxc1 22. Rxc1 a5 23. a3 Kd7 24. Bg3 Rb8 25. Bxb8 f5 26. Bc8+ Ke7 27. Bxe6 Kxe6 28. Rc6+ Kd7 29. Rd6+ Ke7 30. Rxd5 Ke6 31. Rd6+ Kf7 32. Rxb6 g5 33. d5 f4 34. d6 Ke6 35. Rb7 h5 36. d7 Ke7 37. Ba7 g4 38. Bb6 h4 39. d8=Q+ Ke6 40. Qxh4 g3 41. hxg3 fxg3 42. Qxg3 Kd5 43. Qg4 Kc6 44. Rh7 Kxb6 45. Qg5 Kc6 46. Rh6+ Kd7 47. Qg7+ Ke8 48. Rh8# 1-0

[Event "Junior Online 4NCL Division 4"]
[Site "online"]
[Date "2021.03.04"]
[EventDate "2021.03.04"]
[Round "4.112"]
[White "Corrall, Ruby"]
[WhiteElo "934"]
[WhiteTeam "Coldfall Knights"]
[Black "Chen, William"]
[BlackElo "1375"]
[BlackTeam "Maidenhead Juniors 2"]
[Result "0-1"]
[PlyCount "86"]

1. d4 d5 2. Bf4 c5 3. e3 Bf5 4. c3 Nc6 5. Nf3 Nf6 6. g3 e6 7. Bg2 Be7 8. Nbd2 c4 9. O-O O-O 10. Ne5 Nxe5 11. Bxe5 Qd7 12. Qf3 Bg4 13. Qf4 Be2 14. Rfe1 Nh5 15. Qf3 Bxf3 16. Bxf3 Nf6 17. Bf4 b5 18. b4 a5 19. a3 Ra6 20. Reb1 Rfa8 21. Kg2 axb4 22. cxb4 Qc6 23. Rc1 Rxa3 24. Rab1 R3a4 25. Rc2 Rxb4 26. Rbc1 Qb6 27. Kg1 Rba4 28. Kg2 b4 29. Rb2 c3 30. Rbc2 cxd2 31. Rxd2 h6 32. Bc7 Qb5 33. Be2 Qd7 34. Bf4 Ra2 35. Rxa2 Rxa2 36. Bd1 Bd6 37. Bxd6 Qxd6 38. Bb3 Rb2 39. Bd1 Ne4 40. Kg1 Nxf2 41. Kf1 Qa6+ 42. Kg1 Nh3+ 43. Kh1 Qf1# 0-1

[Event "Junior Online 4NCL Division 4"]
[Site "online"]
[Date "2021.03.04"]
[EventDate "2021.03.04"]
[Round "4.113"]
[White "Maheshwaran, Arya"]
[WhiteElo "1324"]
[WhiteTeam "Maidenhead Juniors 2"]
[Black "Richards, Hal"]
[BlackElo "790"]
[BlackTeam "Coldfall Knights"]
[Result "1-0"]
[PlyCount "23"]

1. e4 e5 2. Nf3 Nc6 3. d4 f6 4. d5 Nce7 5. Nc3 Nh6 6. Bxh6 gxh6 7. Bd3 Bg7 8. O-O c6 9. Bc4 cxd5 10. Nxd5 Nxd5 11. Qxd5 d6 12. Qf7# 1-0

[Event "Junior Online 4NCL Division 4"]
[Site "online"]
[Date "2021.03.04"]
[EventDate "2021.03.04"]
[Round "4.114"]
[White "Silver, Adam"]
[WhiteElo "750"]
[WhiteTeam "Coldfall Knights"]
[Black "Thorley, Luke"]
[BlackElo "1300"]
[BlackTeam "Maidenhead Juniors 2"]
[Result "0-1"]
[PlyCount "48"]

1. e4 g6 2. Nf3 Bg7 3. c3 Nf6 4. Bd3 O-O 5. O-O d6 6. Ng5 Re8 7. Bb5 c6 8. Bc4 d5 9. exd5 cxd5 10. Bb3 e5 11. d4 exd4 12. cxd4 Ne4 13. Nxe4 dxe4 14. f3 Bxd4+ 15. Kh1 exf3 16. gxf3 Bh3 17. Re1 Rxe1+ 18. Qxe1 Nc6 19. Qg3 Qd7 20. Bh6 Re8 21. Na3 Bxb2 22. Qf4 Nd8 23. Rd1 Qxd1+ 24. Bxd1 Re1# 0-1

[Event "Junior Online 4NCL Division 4"]
[Site "online"]
[Date "2021.03.04"]
[EventDate "2021.03.04"]
[Round "4.115"]
[White "Minhas, Salar"]
[WhiteElo "924"]
[WhiteTeam "Coldfall Knights"]
[Black "Nallaperumal, Kasi Veshagan"]
[BlackElo "1390"]
[BlackTeam "Maidenhead Juniors 2"]
[Result "0-1"]
[PlyCount "42"]

1. e4 e5 2. Nf3 Nf6 3. Nc3 Nc6 4. Bb5 d5 5. exd5 Nxd5 6. Nxd5 Qxd5 7. c4 Qc5 8. Bxc6+ Qxc6 9. b3 e4 10. Ne5 Qf6 11. Ng4 Qxa1 12. O-O Bc5 13. Qe2 Bf5 14. Bb2 Qxb2 15. h3 O-O 16. Kh2 Rad8 17. Rd1 Bb4 18. f3 Rxd2 19. Rxd2 Qxd2 20. Qf1 Bxg4 21. hxg4 e3 0-1